1833 1262 1603 1500 1723 1567 1918 1239 1607 1003 1346 1203 1324 1800 1033 1400 1705 1657 1301 1730 1041 1414 1378 1220 1780 1638 1868 1785 1489 1776 1811 1388 1838 1825 1201 1163 1852 1202 1231 1214 1648 1137 1694 1707 1507 1705 1658 1834 1137 1635 1212 1582 1376 1293 1207 1619 1360 1370 1678 1236 1559 1502 1033 1713 1995 1509 1145 1271 1876 1128 1071 1938 1503 1485 1385 1365 1662 1161 1204 1868 1221 1406 1468 1888 1242 1425 1763 1745 1672 1446 1952 1001 1680 1310 1038 1082 1554 1627 1166 BCNSPRNW ULIB Ver.6.0+V

เปลี่ยนเป็นภาษาไทย

Change to English
 แสดงรายละเอียดบรรณานุกรม
  กลับหน้าหลัก

Brief Record : Get Marc (ISO 2709) : E-mail record : QR code < ปิดหน้าต่าง
LEADER : 00000nam 2200000uu 4500
001    13399107947
003     ULIB
008    110210s2552||||th 000 0 tha d
020    9789740323631(ล.1)
060 04 WY156.7^bส258ก ล.1 2552
245 00 การพยาบาลเวชปฏิบัติทางนรีเวชกรรม เล่ม 1 =^bNursing ingynecological practice volume 1 / บรรณาธิการ, สมบูรณ์ บุณยเกียรติ และ วรุณวรรณ ผาโคตร
246 31 Nursing in gynecological practice volume 1
260    กรุงเทพฯ : เค.เอส.พี. การพิมพ์, 2552
300    172 แผ่น : ภาพประกอบ ; 29 ซม.
650  7 การพยาบาล
650  7 นรีเวชวิทยา
700 0  สมบูรณ์ บุณยเกียรติ,^eบรรณาธิการ
700 0  วรุณวรรณ ผาโคตร,^eบรรณาธิการ
945    ^p279^l0^i028954
945    ^p279^l0^i028289
945    ^p279^l0^i028288
995    ทศพร
999 ^a ใช้งานได้ทุกระบบ
รายการนี้ยังไม่มีแท็ก
คุณยังไม่ได้ล็อกอิน คุณสามารถมีกิจกรรมร่วมกับเว็บไซต์ได้ แต่ต้องล็อกอินก่อน ::
  ล็อกอิน

รายการสื่อสารสนเทศ

ลำดับที่ ประเภท เลขเรียก/บาร์โค้ด สถานที่ สถานะ
- ไม่พบข้อมูล -

รายการใกล้เคียง
    หัวเรื่อง [การพยาบาล]
    หัวเรื่อง [นรีเวชวิทยา]

BibComment


ยังไม่เคยถูกคอมเมนท์

คอมเมนท์ทรัพยากรรายการนี้
  คอมเมนท์: การพยาบาลเวชปฏิบั..


 Copyright 2026. Bcnsprnw @Library